Statistics for Words Ending in -BO

Click here to take the quiz!

General Stats

  • This quiz has been taken 35 times
    (22 since last reset)
  • The average score is 13 of 21

Answer Stats

Hint-BO Words% Correct
Beloved Disney circus elephantDumbo
83%
A migrant worker or homeless vagrantHobo
83%
Very, very big as in ...shrimp and ...jetJumbo
83%
Classic film starGreta {Garbo}
78%
Title character and protagonist of The HobbitBilbo
72%
Species of Great ApeBonobo
72%
The official state cuisine of LouisianaGumbo
72%
In Roman Catholic theology, the place for souls that have not been baptisedLimbo
72%
A substance or treatment which is designed to have no therapeutic valuePlacebo
72%
Slur for a young, dumb womanBimbo
67%
To stand with hands on hips and elbows sticking outAkimbo
61%
Largest city in Sri Lanka by populationColombo
61%
...San Lucas or ...VerdeCabo
56%
Spanish and Portuguese for wolfLobo
56%
A Latin dance of CubaMambo
56%
Capital of SurinameParamaribo
56%
A pavilion structure, sometimes octagonal or turret-shaped, often built in a parkGazebo
50%
The main ethnic group in southeastern NigeriaIgbo
44%
A turbine-driven, forced induction deviceTurbo
44%
Capital of Equatorial GuineaMalabo
39%
A symptom of bubonic plagueBubo
33%

Score Distribution

Percentile by Number Answered

Percent of People with Each Score

Your Score History

You have not taken this quiz since the last reset